রামগতি দর্পণ : (Record no. 104522)
[ view plain ]
| 000 -LEADER | |
|---|---|
| fixed length control field | 00729nam a22001817a 4500 |
| 003 - CONTROL NUMBER IDENTIFIER | |
| control field | BD-DhUL |
| 005 - DATE AND TIME OF LATEST TRANSACTION | |
| control field | 20160906191511.0 |
| 008 - FIXED-LENGTH DATA ELEMENTS--GENERAL INFORMATION | |
| fixed length control field | 160126s1998 bg |||| |||| 00| 0 ben |
| 040 ## - CATALOGING SOURCE | |
| Original cataloging agency | BD-DhUL |
| Transcribing agency | BD-DhUL |
| 082 ## - DEWEY DECIMAL CLASSIFICATION NUMBER | |
| Classification number | 954.923 |
| Item number | RAM |
| 100 1# - MAIN ENTRY--PERSONAL NAME | |
| Personal name | আলম, ম. নুরুল |
| 245 ## - TITLE STATEMENT | |
| Title | রামগতি দর্পণ : |
| Statement of responsibility, etc. | ম. নুরুল আলম |
| Remainder of title | ইতিহাস ঐতিহ্যভিত্তিক স্মারকগ্রন্থ |
| 260 ## - PUBLICATION, DISTRIBUTION, ETC. (IMPRINT) | |
| Place of publication, distribution, etc. | ঢাকা : |
| Name of publisher, distributor, etc. | রামগতি প্রকাশনী; |
| Date of publication, distribution, etc. | ১৯৯৮. |
| 300 ## - PHYSICAL DESCRIPTION | |
| Extent | ৫৩৬ পৃ. : |
| Dimensions | ২২ সেমি. |
| 650 ## - SUBJECT ADDED ENTRY--TOPICAL TERM | |
| Topical term or geographic name as entry element | বাংলাদেশ - ইতিহাস |
| 650 ## - SUBJECT ADDED ENTRY--TOPICAL TERM | |
| Topical term or geographic name as entry element | Bangladesh - History |
| 942 ## - ADDED ENTRY ELEMENTS (KOHA) | |
| Source of classification or shelving scheme | |
| Koha item type | Books |
| Price effective from | Date last seen | Permanent Location | Not for loan | Date acquired | Source of classification or shelving scheme | Koha item type | Lost status | Withdrawn status | Copy number | Source of acquisition | Collection code | Damaged status | Shelving location | Barcode | Current Location | Full call number |
|---|---|---|---|---|---|---|---|---|---|---|---|---|---|---|---|---|
| 2016-09-06 | 2016-09-06 | Dhaka University Library | 2016-09-06 | Books | 1 | Purchased | Non Fiction | General Stacks | 369800 | Dhaka University Library | 954.923 RAM | |||||
| 2016-09-06 | 2016-09-06 | Dhaka University Library | 2016-09-06 | Books | 2 | Purchased | Non Fiction | General Stacks | 369801 | Dhaka University Library | 954.923 RAM | |||||
| 2016-09-06 | 2016-09-06 | Dhaka University Library | 2016-09-06 | Books | 3 | Purchased | Non Fiction | General Stacks | 369802 | Dhaka University Library | 954.923 RAM | |||||
| 2016-09-06 | 2016-09-06 | Dhaka University Library | 2016-09-06 | Books | 4 | Purchased | Non Fiction | General Stacks | 369803 | Dhaka University Library | 954.923 RAM | |||||
| 2016-09-06 | 2016-09-06 | Dhaka University Library | 2016-09-06 | Books | 5 | Purchased | Non Fiction | General Stacks | 369804 | Dhaka University Library | 954.923 RAM | |||||
| 2016-09-19 | 2016-09-19 | Dhaka University Library | 1958-04-26 | Books | 1 | Purchased | Non Fiction | General Stacks | 369800(d) | Dhaka University Library | 954.923 RAM | |||||
| 2016-09-20 | 2016-09-20 | Dhaka University Library | 2016-09-20 | Books | Purchased | Non Fiction | General Stacks | 369804(d) | Dhaka University Library | 954.923 RAM | ||||||
| 2016-09-20 | 2016-09-20 | Dhaka University Library | 1998-04-24 | Books | 4 | Purchased | Non Fiction | General Stacks | 369803 (d) | Dhaka University Library | 954.923 RAM |
